00687nam a2200193Ia 4500008004100000040001400041082002200055100004300077245003800120260006300158300001800221365002600239366000800265505001000273620010900283630003800392650002500430730003800455100315s9999 xx 000 0 und d cENGLISH  b3907 a332.632  aNational Stock Exchange of India Ltd.  aIndian Securities Market A Review aMumbai bNational Stock Exchange Of India Ltd.  c1998  a"XI, 156P  " eRupees d1 b0.00  f0  gDBH  a"Capital Market Operarations, Clearing & Settlement of NSE, Developments In DEBT Markets, Derivatives " aIndian Securities Market A Review aSecurities Markets  aIndian Securities Market A Review